000 00248nam a2200109Ia 4500
008 200302s9999 xx 000 0 und d
100 _aLee Sung-Min
245 _aDetail Annual 3
260 _bArchiworld Co. Ltd.
260 _c2005
300 _a279 P.,
999 _c3095
_d3095